000 00350nam a2200133Ia 4500
008 240624s9999 xx 000 0 und d
041 _aeng
082 _a658.4063 ARI
100 _aARIKAN LACIN
245 _aIMPACT OF INNOVATION ON BUSINESS PERFORM
260 _c2010
_aGermany
_bLap Lambert Academic Publishing
300 _a140 : p.
365 _cRS
999 _c16629
_d16629